The dictionary of urbanism (Record no. 104279)

MARC details
000 -LEADER
fixed length control field 00990cam a2200241 4500
001 - CONTROL NUMBER
control field L129796
008 - FIXED-LENGTH DATA ELEMENTS--GENERAL INFORMATION
fixed length control field 050520s2005 000 0 eng u
020 ## - INTERNATIONAL STANDARD BOOK NUMBER
International Standard Book Number 0954433009
035 ## - SYSTEM CONTROL NUMBER
System control number (Sirsi) u129796
041 ## - LANGUAGE CODE
Language code of text/sound track or separate title eng
050 ## - LIBRARY OF CONGRESS CALL NUMBER
Classification number 711.5203
-- 18
100 ## - MAIN ENTRY--PERSONAL NAME
Personal name Cowan, Robert
245 04 - TITLE STATEMENT
Title The dictionary of urbanism
260 ## - PUBLICATION, DISTRIBUTION, ETC.
Place of publication, distribution, etc. Tisbury
Name of publisher, distributor, etc. Streetwise
Date of publication, distribution, etc. 2005
300 ## - PHYSICAL DESCRIPTION
Extent xx, 468p.
Dimensions 25cm.
350 ## - PRICE (NR) (BK AM CF MU VM SE) [OBSOLETE]
Price 29.95
520 ## - SUMMARY, ETC.
Summary, etc. This dictionary of urbanism includes a wide variety of names, terms and buzz words covering the fields of urban design, planning, regeneration and the culture of cities. Entries range from informative essays on words like 'community' and 'sustainable' to more light hearted ones. The Urbanwords website includes the introduction to the dictionary, a list of entries and a selection of quotations.
651 #4 - SUBJECT ADDED ENTRY--GEOGRAPHIC NAME
Geographic name United Kingdom
Chronological subdivision
690 ## - LOCAL SUBJECT ADDED ENTRY--TOPICAL TERM (OCLC, RLIN)
Topical term or geographic name as entry element PROPERTY
690 ## - LOCAL SUBJECT ADDED ENTRY--TOPICAL TERM (OCLC, RLIN)
Topical term or geographic name as entry element ENVIRONMENTAL AND LAND CONSULTANCY-PLANNING AND DEVELOPMENT
942 ## - ADDED ENTRY ELEMENTS (KOHA)
Suppress in OPAC 0
Holdings
Withdrawn status Lost status Source of classification or shelving scheme Damaged status Not for loan Home library Current library Shelving location Date acquired Cost, normal purchase price Total Checkouts Full call number Barcode Date last seen Date last checked out Copy number Cost, replacement price Price effective from Koha item type
    Dewey Decimal Classification     London London Books 03/06/2005 25.46 12 711.5203 COW 30067471 06/08/2019 12/10/2006 1 25.46 06/08/2019 Book